000 00260 a2200097 4500
020 _a9788196697693
100 _aJuleya Thomas
245 _aAnuraga lolagathri(അനുരാഗ ലോലഗാത്രി)
260 _bMankind Literature
_c2025
942 _cOO
999 _c115727
_d115726